000
00320nam a2200109Ia 4500
008
200302s9999 xx 000 0 und d
100
_a
Scott Drake
245
_a
The Elements of Architecture Principles of Enviromental Performance in Buildings
260
_b
Earthscan Publications Ltd.
260
_c
2009
300
_a
124 P.,
999
_c
2753
_d
2753